| 000 | 01929cam a22004694i 4500 | ||
|---|---|---|---|
| 003 | PE-LiUPU | ||
| 005 | 20250731173103.0 | ||
| 008 | 150623s2001 enka rb 000 0 eng d | ||
| 020 | _a1850756007 | ||
| 035 | _a(Sirsi) i9781850756002 | ||
| 040 |
_aPE-LiUPU _bspa _cPE-LiUPU _erda |
||
| 049 | _aPRUA | ||
| 082 | 0 | 4 |
_a221.07 _bJ _221 |
| 100 | 1 |
_aGlazov, Gregory Yuri, _eautor. |
|
| 245 | 1 | 4 |
_aThe bridling of the tongue and the opening of the mouth in biblical prophecy / _cGegory Yuri Glazov. |
| 264 | 1 |
_aSheffield, England : _bSheffield Academic Press, _c2001. |
|
| 300 |
_a456 páginas : _bilustraciones, cuadros, gráficos ; _c24 centímetros. |
||
| 336 |
_atext _2rdacontent |
||
| 337 |
_aunmediated _2rdamedia |
||
| 338 |
_avolume _2rdacarrier |
||
| 490 | 1 |
_aJournal for the study of the Old Testament. Supplement series ; _v311 |
|
| 504 | _aIncluye bibliografía. | ||
| 505 | 0 | _aThe prophetic objections and their resolutions in modern schemes of the call narratives -- The opening of the mouth of Moses -- The purification of Isaiah´s lips -- The silensing of Jeremiah -- Ezekiel´s atoning muteness and opening of the mouth -- The opening of the mouth and the bridling of the tongue in cultic prophecy. | |
| 526 | _aSEG42 | ||
| 526 | _aSEG41 | ||
| 526 | _aSEG40 | ||
| 526 | _aSEG39 | ||
| 526 | _aP94 | ||
| 526 | _aP87 | ||
| 526 | _aP86 | ||
| 526 | _aP85 | ||
| 526 | _aP77 | ||
| 526 | _aP76 | ||
| 526 | _aP35 | ||
| 650 | 0 | 4 | _aProfecías bíblicas. |
| 942 |
_2ddc _cBOOK |
||
| 949 |
_a221.07 J _wDEWEY _c1 _i49143 _lCCODEBUL1 _mBUL _r0 _sY _tBOOK _u2015-6-24 _xTEOLOGIA _PP35 _0COMPRA _o.STAFF. Colección General |
||
| 994 |
_aC0 _bPEPRU |
||
| 596 | _a1 | ||
| 999 |
_a221.07 J _wDEWEY _c28291 _i49143 _f2021-11-9 _g5 _lCCODEBUL1 _mBUL _p30.00 _r0 _sY _tBOOK _u2015-6-24 _xTEOLOGIA _PP35 _0COMPRA _o.STAFF. Colección Teología _d28291 |
||
| 980 |
_81 _gALBERTO SANCHEZ Responsable de Automatización |
||